| 000 | 00569nam a2200205Ia 4500 | ||
|---|---|---|---|
| 005 | 20250508164422.0 | ||
| 008 | 008 250505s9999 xx 000 0 eng d | ||
| 020 | _a978-0-415-41686-3 | ||
| 037 | _aReference | ||
| 040 |
_aFEDL _beng _cFEDL |
||
| 041 |
_aeng _2eng |
||
| 084 |
_a371.9, FAR/RR _qFEDL |
||
| 100 | _aFarrell Michael | ||
| 245 | 0 | _aSpecial school's handbook: Key issues for all | |
| 260 |
_aLondon, UK _bRoutledge _c2008 |
||
| 300 | _axix,159p. | ||
| 365 |
_aUSD _b24.99 |
||
| 942 |
_cREF _h371.9, FAR/RR |
||
| 999 |
_c1389035 _d1389035 |
||